Konštituovanie straníckych systémov v podmienkach Českej a Slovenskej republiky

Politické strany v Českej a Slovenskej republike po roku 1989. Voľby 1992.

Enregistré dans:
Détails bibliographiques
Auteur principal: Liďák, Ján
Format: Chapitre de livre
Langue:slovaque
Sujets:
Tags: Ajouter un tag
Pas de tags, Soyez le premier à ajouter un tag!

MARC

LEADER 00000naa$a2200000$$$4500
001 0145591
005 20240502072626.2
041 0 |a slo 
044 |a SK 
245 1 0 |a Konštituovanie straníckych systémov v podmienkach Českej a Slovenskej republiky  |c Ján Liďák 
520 |a Politické strany v Českej a Slovenskej republike po roku 1989. Voľby 1992. 
610 2 0 |a strany politické 
610 2 0 |a strany vládne 
610 2 0 |a vývoj politický 
610 2 0 |a Slovensko 
610 2 0 |a Česko 
100 1 |a Liďák, Ján